Datum a čas kvízu
34.5
Celkem bodů
Celkový počet nahraných bodů na tomto kvízu bez doplňovacích otázek.
2.
Pořadí na kvízu
Konečné umístění týmu na tomto kvízu.
Zaznamenané odpovědi
| # | Otázka | Odpověď | Body | Výsledky |
|---|---|---|---|---|
| 1. | Počátkem týdne jsme mohli sled... | Český les | 1 | |
| 2. | Norští archeologové našli v le... | lyže | 0 | |
| 3. | Jedna britská kapela se rozhod... | Rolling Stones | 1 | |
| 4. | Po 75 letech existence minulý... | Alitalia | 1 | |
| 5. | Profesionální kariéru minulý t... | Roman Kreuziger | 1 | |
| 6. | Pokřín obecný je rostlina, kte... | mandragora | 1 | |
| 7. | Blahočet je jehličnatý strom j... | araukárie | 0 | |
| 8. | Vigna zlatá je rostlina z čele... | mungo | 1 | |
| 9. | Ledvinovník západní je tropick... | oříšky kešu | 1 | |
| 10. | Kterým slovem na S obecně ozna... | sukulenty | 1 |